1681 1980 1084 1955 1269 1361 1767 1788 1740 1216 1901 1362 1565 1218 1606 1573 1827 1380 1993 1695 1370 1397 1319 1598 1282 1871 1935 1464 1348 1623 1672 1240 1749 1409 1956 1002 1159 1462 1585 1538 1875 1051 1641 1309 1197 1944 1127 1367 1805 1617 1880 1085 1019 1518 1608 1472 1464 1291 1038 1093 1532 1104 1221 1535 1248 1786 1772 1167 1419 1395 1741 1509 1390 1309 1401 1664 1441 1593 1240 1688 1280 1617 1345 1842 1470 1791 1104 1416 1101 1922 1129 1436 1354 1232 1157 1083 1393 1489 1486 BCNSPRNW ULIB Ver.6.0+V

เปลี่ยนเป็นภาษาไทย

Change to English
 แสดงรายละเอียดบรรณานุกรม
  กลับหน้าหลัก

Brief Record : Get Marc (ISO 2709) : E-mail record : QR code < ปิดหน้าต่าง
LEADER : 00000nam 2200000uu 4500
001    13399125774
003     ULIB
008    170831s2559||||th 000 0 tha d
020    ^a9786162799341
060    ^aWY161 ก773ก
100    ^aเกศศิริ วงษ์คงคำ และอรชุมา นากรณ์
245    ^aการพยาบาลศัลยศาสตร์ : ผู้ป่วยโรคหัวใจและหลอดเลือด
250    ^aพิมพ์ครั้งที่ 1
260    ^aกรุงเทพฯ :^bโครงการตำราคณะพยาบาลศาสตร์ มหาวิทยาลัยมหิดล,^c2559
300    ^a168 หน้า^bภาพประกอบ
650    ^aการพยาบาลศัลยศาสตร์
650    ^aโรคหัวใจและหลอดเลือด
945    ^p0^l0^i003135
945    ^p0^l0^i003136
945    ^p0^l0^i003137
945    ^p0^l0^i003138
945    ^p0^l0^i003139
945    ^p0^l0^i003140
945    ^p0^l0^i003141
999    ^aประนอม เกษจรัล
รายการนี้ยังไม่มีแท็ก
คุณยังไม่ได้ล็อกอิน คุณสามารถมีกิจกรรมร่วมกับเว็บไซต์ได้ แต่ต้องล็อกอินก่อน ::
  ล็อกอิน

รายการสื่อสารสนเทศ

ลำดับที่ ประเภท เลขเรียก/บาร์โค้ด สถานที่ สถานะ
1. วิทยาศาสตร์การแพทย์ และสุขภาพ
วิทยาศาสตร์การแพทย์ และสุขภาพ
สถานะ=หนังสือเก่า
WY161 ก773ก ฉ.1 
  Barcode: 003135
ห้องสมุดวิทยาเขตสวรรค์ประชารักษ์
►ส่วนจัดเก็บหนังสือเก่า สปร
ถูกยืม กำหนดส่งวันที่ 1 กันยายน 2565
  จอง
2. วิทยาศาสตร์การแพทย์ และสุขภาพ
วิทยาศาสตร์การแพทย์ และสุขภาพ
สถานะ=หนังสือเก่า
WY161 ก773ก ฉ.2 
  Barcode: 003136
ห้องสมุดวิทยาเขตสวรรค์ประชารักษ์
►ส่วนจัดเก็บหนังสือเก่า สปร
บนชั้น
  ขอยืม
3. วิทยาศาสตร์การแพทย์ และสุขภาพ
วิทยาศาสตร์การแพทย์ และสุขภาพ
สถานะ=หนังสือเก่า
WY161 ก773ก ฉ.3 
  Barcode: 003137
ห้องสมุดวิทยาเขตสวรรค์ประชารักษ์
►ส่วนจัดเก็บหนังสือเก่า สปร
บนชั้น
  ขอยืม
4. วิทยาศาสตร์การแพทย์ และสุขภาพ
วิทยาศาสตร์การแพทย์ และสุขภาพ
สถานะ=หนังสือเก่า
WY161 ก773ก ฉ.4 
  Barcode: 003138
ห้องสมุดวิทยาเขตสวรรค์ประชารักษ์
►ส่วนจัดเก็บหนังสือเก่า สปร
บนชั้น
  ขอยืม
5. วิทยาศาสตร์การแพทย์ และสุขภาพ
วิทยาศาสตร์การแพทย์ และสุขภาพ
สถานะ=หนังสือเก่า
WY161 ก773ก ฉ.5 
  Barcode: 003139
ห้องสมุดวิทยาเขตสวรรค์ประชารักษ์
►ส่วนจัดเก็บหนังสือเก่า สปร
บนชั้น
  ขอยืม
6. วิทยาศาสตร์การแพทย์ และสุขภาพ
วิทยาศาสตร์การแพทย์ และสุขภาพ
WY161 ก773ก ฉ.6 
  Barcode: 003140
ห้องสมุดวิทยาเขตสวรรค์ประชารักษ์
►หนังสือทั่วไป
บนชั้น
7. วิทยาศาสตร์การแพทย์ และสุขภาพ
วิทยาศาสตร์การแพทย์ และสุขภาพ
สถานะ=หนังสือเก่า
WY161 ก773ก ฉ.7 
  Barcode: 003141
ห้องสมุดวิทยาเขตสวรรค์ประชารักษ์
►ส่วนจัดเก็บหนังสือเก่า สปร
บนชั้น
  ขอยืม

รายการใกล้เคียง
    ชื่อเรื่อง [การพยาบาลศัลยศาสตร์ : ผู้ป่วยโรคหัวใจและหลอดเลือด]

    ผู้แต่ง [เกศศิริ วงษ์คงคำ และอรชุมา นากรณ์]

    หัวเรื่อง [การพยาบาลศัลยศาสตร์]
    หัวเรื่อง [โรคหัวใจและหลอดเลือด]

BibComment


ยังไม่เคยถูกคอมเมนท์

คอมเมนท์ทรัพยากรรายการนี้
  คอมเมนท์: การพยาบาลศัลยศาส..


 Copyright 2026. Bcnsprnw @Library